00520cam a2200169 a 450000100100000000500170001000800410002702000150006804000230008308200190010610000280012524500500015326000750020330000200027865000250029865000270032300000641520200929153928.0990623s1998 ec 001 1 spa  a9978621318 aDO-SdBNPcDLCdDLC aE863.64bM778a1 aMonteros Arregui, Luis.13aEl atico :bcuentos /cLuis Monteros Arregui. aQuito :bCasa de la Cultura Ecuatoriana "Benjamín Carrión",c1998. a78 p. ;c21 cm. 4aCuentos ecuatorianos 4aLiteratura ecuatoriana